| 000 | 00596nam a2200217 4500 | ||
|---|---|---|---|
| 001 | 000013256 | ||
| 005 | 20200929163158.0 | ||
| 008 | 700122t19701969nyu 001 0 eng | ||
| 010 | _a75088595 | ||
| 040 |
_aDO-SdBNP _cDLC _dDLC |
||
| 050 | 0 | 0 |
_aHG4921 _b.R58 1970 |
| 100 | 1 |
_aRosenberg, Claude N. _930454 |
|
| 245 | 1 | 0 |
_aStock market primer / _c[by] Claude N. Rosenberg, Jr. |
| 250 | _aRev. ed. | ||
| 260 |
_aNew York, : _bWorld Pub. Co., _c[1970, c1969]. |
||
| 300 |
_a351 p. ; _c22 cm. |
||
| 650 | 0 |
_aStocks _zUnited States. _930455 |
|
| 910 | _aDC | ||
| 082 | 0 | 0 | _a332.67/8 |
| 350 | _a6.95 | ||
| 999 |
_c12887 _d12887 |
||